| 000 | 00386nam a22001457a 4500 | ||
|---|---|---|---|
| 003 | MACL | ||
| 005 | 20190628161837.0 | ||
| 008 | 190628b xxu||||| |||| 00| 0 eng d | ||
| 040 | _cMACL | ||
| 100 |
_aKaushik,Dr. Dinesh Kumar _975661 |
||
| 245 | _aManagement of Librarries in The New Millennium | ||
| 260 |
_aNewDelhi _bVaibhav Pub. _c2014 |
||
| 650 |
_aLibrary _975662 |
||
| 942 |
_2ddc _cBK |
||
| 999 |
_c60345 _d60345 |
||